The Animal World Vol.VI / (Record no. 176873)

000 -LEADER
fixed length control field 00395 a2200169 4500
003 - CONTROL NUMBER IDENTIFIER
control field Nust
005 - DATE AND TIME OF LATEST TRANSACTION
control field 20230223120031.0
040 ## - CATALOGING SOURCE
Transcribing agency Nust
082 ## - DEWEY DECIMAL CLASSIFICATION NUMBER
Classification number 591,ANI
245 ## - TITLE STATEMENT
Title The Animal World Vol.VI /
250 ## - EDITION STATEMENT
Edition statement Vol.VI
260 ## - PUBLICATION, DISTRIBUTION, ETC.
Place of publication, distribution, etc. chicago
Name of publisher, distributor, etc. The World Inc
Date of publication, distribution, etc. 1989
300 ## - PHYSICAL DESCRIPTION
Extent 158 p
538 ## - SYSTEM DETAILS NOTE
System details note Almirah No.19 Shelf No.5
650 ## - SUBJECT ADDED ENTRY--TOPICAL TERM
Topical term or geographic name entry element Encyclopedia of Science
9 (RLIN) 109513
942 ## - ADDED ENTRY ELEMENTS (KOHA)
Source of classification or shelving scheme
Koha item type Encyclopedia
Holdings
Withdrawn status Lost status Source of classification or shelving scheme Damaged status Not for loan Permanent Location Current Location Shelving location Date acquired Full call number Barcode Date last seen Copy number Price effective from Koha item type Public note
          Military College of Signals (MCS) Military College of Signals (MCS) Reference 12/12/2016 591,ANI MCS27517 12/08/2016 Vol.VI 12/12/2016 Encyclopedia Almirah No.71, Shelf No.4
© 2023 Central Library, National University of Sciences and Technology. All Rights Reserved.